• 首页
  • 本馆介绍
  • 公告通知
  • 最新文献
  • 馆藏检索
  • 电子资源
  • 读者导购
  • 参考咨询
  • 我的图书馆
  • 登录
  • 详细信息显示
  • 放入我的书架
  • 预约/预借图书
  • 作者相关作品
  • 分类相关作品
  • 丛书相关作品
  • 出版社相关作品

书目信息

  • 表格格式
  • 工作单格式
  • 卡片格式
题名:
肉类食品新工艺与新配方
    
 
作者: 刘玉田 主编
分册:  
出版信息: 济南   山东科学技术出版社  2002.09
页数: 277页
开本: 20cm
丛书名: 现代食品生产技术丛书
单 册:
中图分类: TS251.5
科图分类:
主题词: 肉制品--食品加工 , 肉制品--配方
电子资源:
ISBN: 7-5331-3198-3
000 00759nam0 2200253 45
001 012004009765
005 20040621165344.0
010    @a7-5331-3198-3@dCNY14.00
100    @a20041115d2002 aemy0chiy50 ea
101 0  @achi
102    @aCN@b370000
105    @af z 000yy
200 1  @a肉类食品新工艺与新配方@Arou lei shi pin xin gong yi yu xin pei fang@f刘玉田主编@Fliu yu tian zhu bian
210    @a济南@c山东科学技术出版社@d2002.09
215    @a277页@d20cm
225 2  @a现代食品生产技术丛书
410  0 @12001 @a现代食品生产技术丛书
606 0  @a肉制品@x食品加工
606 0  @a肉制品@x配方
690    @aTS251.5@v4
701  0 @a刘玉田@Aliu yu tian@4主编
801  0 @aCN@bBZT@c20041115
905    @aBZT@dTS251.5@e1@f10
906    @dCNY14.00@n0@r1
    
    肉类食品新工艺与新配方/刘玉田主编.-济南:山东科学技术出版社,2002.09
    277页;20cm.-(现代食品生产技术丛书)
    
    
    ISBN 7-5331-3198-3:CNY14.00
    
●
相关链接 在五车中查询图书 在当当中查询图书 在豆瓣中查询图书


正题名:肉类食品新工艺与新配方     索取号:TS251.5/1         预约/预借

序号 登录号 条形码 馆藏地/架位号 状态 备注
1 0374458   200914957   样本书库/样005架B面2层3列/ [索取号:TS251.5/1] 在馆    
2 0374459   200910666   中心书库中库/ 中库025架A面5列2层42/ [索取号:TS251.5/1] 在馆    
3 0374460   200911193   中心书库中库/ 中库025架A面5列2层43/ [索取号:TS251.5/1] 在馆    
4 0374461   200911184   中心书库中库/ 中库025架A面5列2层44/ [索取号:TS251.5/1] 在馆    
5 0374462   200911175   中心书库中库/ 中库025架A面5列2层45/ [索取号:TS251.5/1] 在馆    
6 0374463   200911166   中心书库中库/ 中库025架A面5列2层48/ [索取号:TS251.5/1] 在馆    
7 0374464   200911157   中心书库中库/ 中库025架A面5列2层46/ [索取号:TS251.5/1] 在馆    
8 0374465   200911148   中心书库中库/ 中库025架A面5列2层41/ [索取号:TS251.5/1] 在馆    
9 0374466   200911139   中心书库中库/ 中库025架A面5列2层40/ [索取号:TS251.5/1] 在馆    
10 0374467   200911120   中心书库中库/ 中库025架A面5列2层47/ [索取号:TS251.5/1] 在馆    
山东省滨州职业学院图书馆 欢迎您!
大连网信软件有限公司© 版权所有